000 00301nam a2200121 a 4500
008 100923s1986|||| d
245 1 0 _aU starej Freddie
100 1 _aFitzgeraldová, Penelope
260 _bSlovenský spisovateľ
_aBratislava
_c1986
020 _c23
044 _axo
_cSK
041 _aslo
999 _c10633
_d10633